000 00499nam a22002177a 4500
003 UA-OsUOA
001 76682
007 ta
008 20110715b un ||||| |||| 00| 0 ukr d
100 _aЛіснича А.
090 _a908
_bЛ67
942 _cSA
040 _aUA-OsUOA
_bukr
_cUA-OsUOA
_dUA-OsUOA
245 _aАбітурієнти, на старт!
300 _aС.1
955 _a0
041 _aukr
080 _a908
773 0 _w76681
650 7 _a908 Краєзнавство
_2UDC
999 _c363000
_d363000